1887 1618 1044 1816 1235 1035 1854 1754 1090 1771 1275 1870 1597 1974 1954 1270 1223 1844 1246 1423 1646 1998 1602 1632 1935 1953 1690 1309 1107 1257 1215 1903 1415 1707 1406 1141 1588 1553 1890 1884 1588 1035 1659 1564 1626 1828 1349 1279 1478 1425 1116 1937 1706 1895 1673 1420 1615 1538 1800 1040 1923 1267 1599 1036 1533 1961 1027 1353 1385 1329 1027 1319 1205 1916 1959 1431 1824 1153 1244 1499 1650 1426 1355 1412 1028 1799 1490 1697 1975 1701 1569 1814 1829 1815 1155 1849 1773 1484 1054 BCNSPRNW ULIB Ver.6.0+V

เปลี่ยนเป็นภาษาไทย

Change to English
 แสดงรายละเอียดบรรณานุกรม
  กลับหน้าหลัก

Brief Record : Get Marc (ISO 2709) : E-mail record : QR code < ปิดหน้าต่าง
LEADER : 00000nam 2200000uu 4500
001    13399113796
003     ULIB
008    120105s2551||||th 000 0 tha d
020    ^a9789742127404
050  4 ^aBF408^bบ361ล 2551
100 1  ^aบีแวน, ร็อบ
245 10 ^aลับคมให้สมอง :^bพัฒนาความคิดสร้างสรรค์ =^bBe incredibly creative /^cโดย Rob Bevan, John Middleton และ Tim Wright ;[แปล] เรียบเรียงโดย ปรีดา ยังสุขสถาพร
246 31 ^aBe incredibly creative
260    ^aกรุงเทพฯ :^bซีเอ็ดยูเคชั่น,^c2551
300    ^a132 หน้า :^bภาพประกอบ ;^c17 ซม.
650  7 ^aความคิดสร้างสรรค์
700 1  ^aมิดเดิลต้น, จอน
700 1  ^aไรท์, ทิม
700 0  ^aปรีดา ยังสุขสถาพร,^eผู้แปล
700 12 ^aBevan, Rob.^tBe incredibly creative
700 12 ^aMiddleton, John.^tBe incredibly creative
700 12 ^aWright, Tim.^tBe incredibly creative
945    ^p120^l0^i18107
995    ^aกัณชพร
999    ^aใช้งานได้ทุกระบบ
รายการนี้ยังไม่มีแท็ก
คุณยังไม่ได้ล็อกอิน คุณสามารถมีกิจกรรมร่วมกับเว็บไซต์ได้ แต่ต้องล็อกอินก่อน ::
  ล็อกอิน

รายการสื่อสารสนเทศ

ลำดับที่ ประเภท เลขเรียก/บาร์โค้ด สถานที่ สถานะ
- ไม่พบข้อมูล -

รายการใกล้เคียง
    ผู้แต่ง [บีแวน, ร็อบ]

    หัวเรื่อง [ความคิดสร้างสรรค์]

BibComment


ยังไม่เคยถูกคอมเมนท์

คอมเมนท์ทรัพยากรรายการนี้
  คอมเมนท์: ลับคมให้สมอง พั..


 Copyright 2026. Bcnsprnw @Library